| 000 | 00834nam a22002657a 4500 | ||
|---|---|---|---|
| 003 | PE SENCICO BE | ||
| 005 | 20251020182626.0 | ||
| 008 | 230217b |||||||| |||| 00| 0 eng d | ||
| 020 | _a978-3-8365-6019-1 | ||
| 040 |
_aPE SENCICO BE _cPE SENCICO BE |
||
| 041 | _aspa | ||
| 082 |
_a720.92 _bK71 |
||
| 100 | 1 |
_9642 _aKoening, Gloria |
|
| 245 | 1 |
_aCharles & Ray Eames, 1907-1978, 1912-1988 : _bpioneros de la modernidad a mediados del siglo XX / _cGloria Koening |
|
| 250 | _a[1a ed.] | ||
| 260 |
_aKoln : _bTaschen, _c2015 |
||
| 300 |
_a96 p. : _bil., diagrs. _c26 cm. |
||
| 600 | 1 | 0 |
_9643 _aEames, Charles |
| 600 | 1 | 0 |
_9644 _aEames, Ray |
| 650 | 1 | 4 |
_9282 _aArquitectos |
| 650 | 2 | 4 |
_9191 _aArquitectura moderna |
| 650 | 2 | 4 |
_9275 _aArte moderno |
| 910 |
_bhfp _chfp |
||
| 942 |
_2ddc _cLIB _h720.92 _iK71 |
||
| 999 |
_c3835 _d3835 |
||